000 00757nam a2200289Ia 4500
005 20260324135753.0
008 008 260324s9999 xx 000 0 eng d
020 _a9781315189369
037 _aEBOOK
040 _aCRL
040 _beng
040 _cCRL
041 _2eng
041 _aeng
084 _qCRL
100 _aGert de Roo; Donald Miller
_91187206
245 0 _aCompact Cities and Sustainable Urban Development
245 2 _bA Critical Assessment of Policies and Plans from an International Perspective
260 _bTaylor and Francis
260 _c2000
365 _a
365 _b205
856 _uhttp://www.taylorfrancis.com/books/9781315189369
942 _cEBOOK
999 _c1803273
_d1803273